Fonts alternatives d'aigua per a usos municipals : jornada de treball del Grup de Fluxos Metabòlics, 23 de gener de 2002 jornada de treball del Grup de Fluxos Metabòlics, 23 de gener de 2002
Descripción Física:
78 pàgines : il·lustracions ; 30 cm
Materias:
Aigua -- Utilització -- Barcelona (Província)
; Aigua -- Reutilització -- Barcelona (Província)
; Aigües residuals
Idioma:
Catalán
MARC
| LEADER | 00000nam a2200000 a 4500 | ||
|---|---|---|---|
| 001 | 26728 | ||
| 005 | 20260324181141.0 | ||
| 008 | 021222s2002 spcd || 000 ||cat|c | ||
| 080 | |a Bib-944 | ||
| 111 | |9 54386 |a Jornada de treball del Grup de Fluxos Metabòlics |d (2002 : |c Terrassa, Catalunya) | ||
| 245 | 1 | 0 | |a Fonts alternatives d'aigua per a usos municipals : |b jornada de treball del Grup de Fluxos Metabòlics, 23 de gener de 2002 |
| 260 | |a Barcelona : |b Diputació de Barcelona. Xarxa de Municipis, |c 2002 | ||
| 300 | |a 78 pàgines : |b il·lustracions ; |c 30 cm | ||
| 500 | |a Actes de la Jornada de treball del Grup de Fluxos Metabólics, celebrades el 23 de gener de 2002 | ||
| 500 | |a A la coberta: Xarxa de Ciutats i Pobles cap a la Sostenibilitat | ||
| 650 | 0 | 7 | |a Aigua |x Utilització |z Barcelona (Província) |9 54387 |
| 650 | 0 | 7 | |a Aigua |x Reutilització |z Barcelona (Província) |9 54388 |
| 650 | 0 | 0 | |a Aigües residuals |9 54389 |
| 710 | 1 | |a Barcelona (Catalunya : Província). |b Diputació |9 52408 | |
| 710 | 2 | |a Xarxa de Ciutats i Pobles cap a la Sostenibilitat |9 53477 | |
| 907 | |a .b28828409 |b 25-03-20 |c 08-05-08 |d 22-12-02 |e m |f a |g - |h cat |i spc |j 0 |k 1 | ||
| 908 | |a UdG | ||
| 940 | |a UdG | ||
| 942 | |2 udc |c ARXIU |n 1 | ||
| 952 | |0 0 |1 0 |4 0 |6 BIB944 |7 1 |9 63818 |a Arxiu |b Arxiu |d 2022-09-07 |l 0 |o Bib-944 |p 26728 |r 2022-09-07 00:00:00 |w 2022-09-07 |y ARXIU | ||
| 999 | |c 82648 |d 82648 | ||